Entrevistar es pensar (un encuentro con la cultura) : (Record no. 24159)
[ view plain ]
| 000 -CABECERA | |
|---|---|
| campo de control de longitud fija | 01199nam a2200241 a 4500 |
| 001 - NÚMERO DE CONTROL | |
| campo de control | 000024666 |
| 005 - FECHA Y HORA DE LA ÚLTIMA TRANSACCIÓN | |
| campo de control | 20200930023310.0 |
| 008 - DATOS DE LONGITUD FIJA--INFORMACIÓN GENERAL | |
| campo de control de longitud fija | 110202s2010 dr c 000 0 spa d |
| 020 ## - NÚMERO INTERNACIONAL ESTÁNDAR DEL LIBRO | |
| ISBN cancelado o inválido | 9789945404234 |
| 040 ## - FUENTE DE LA CATALOGACIÓN | |
| Centro catalogador/agencia de origen | DO-SdBNP |
| Lengua de catalogación | spa |
| Centro/agencia transcriptor | BNPHU |
| 082 ## - NÚMERO DE LA CLASIFICACIÓN DECIMAL DEWEY | |
| Número de clasificación | RD860.4409 |
| Número de documento/Ítem | P349e |
| 100 1# - ENTRADA PRINCIPAL--NOMBRE DE PERSONA | |
| Nombre de persona | Peña, Enegildo, |
| Fechas asociadas al nombre | 1965- |
| 9 (RLIN) | 25677 |
| 245 10 - MENCIÓN DE TÍTULO | |
| Título | Entrevistar es pensar (un encuentro con la cultura) : |
| Resto del título | entrevistas a escritores e intelectuales dominicanos / |
| Mención de responsabilidad, etc. | Enegildo Peña. |
| 260 ## - PUBLICACIÓN, DISTRIBUCIÓN, ETC. | |
| Lugar de publicación, distribución, etc. | Santo Domingo : |
| Nombre del editor, distribuidor, etc. | Ediciones de Cultura, |
| Fecha de publicación, distribución, etc. | 2010. |
| 300 ## - DESCRIPCIÓN FÍSICA | |
| Extensión | 207 p. : |
| Otras características físicas | il., retr. ; |
| Dimensiones | 23 cm. |
| 500 ## - NOTA GENERAL | |
| Nota general | Incluye referencias bibliograficas y notas al pie de las páginas. |
| 505 0# - NOTA DE CONTENIDO CON FORMATO | |
| Información miscelánea | Introducción -- |
| Título | Diógenes Céspedes -- |
| -- | Marcio Veloz Maggiolo -- |
| -- | Andrés L. Mateo -- |
| -- | José Alcántara Almánzar -- |
| -- | Mateo Morrison -- |
| -- | José Mármol -- |
| -- | Plinio Chahín -- |
| -- | León David -- |
| -- | José Rafael Lantigua -- |
| -- | Silvio Torres Saillant -- |
| -- | Arelis Albino entrevista a Enegildo Peña. |
| 590 ## - NOTA LOCAL (RLIN) | |
| Nota local | Inventariado, 2018/LP |
| 650 #4 - PUNTO DE ACCESO ADICIONAL DE MATERIA--TÉRMINO DE MATERIA | |
| Término de materia o nombre geográfico como elemento de entrada | Autores dominicanos |
| Subdivisión general | Entrevistas |
| 9 (RLIN) | 22868 |
| 650 #4 - PUNTO DE ACCESO ADICIONAL DE MATERIA--TÉRMINO DE MATERIA | |
| Término de materia o nombre geográfico como elemento de entrada | Literatura dominicana |
| Subdivisión general | Historia y crítica |
| 9 (RLIN) | 159 |
| 650 #4 - PUNTO DE ACCESO ADICIONAL DE MATERIA--TÉRMINO DE MATERIA | |
| Término de materia o nombre geográfico como elemento de entrada | Autores en literatura |
| 9 (RLIN) | 22864 |
| 910 ## - DATOS DE OPCIÓN DEL USUARIO (OCLC) | |
| Datos de opción del usuario | Validado. Control de calidad EMS. |
| Estado de retiro | Estado de pérdida | Restricciones de uso | No para préstamo | Código de colección | Localización permanente | Ubicación/localización actual | Ubicación en estantería | Fecha de adquisición | Número de inventario | Total de préstamos | Signatura topográfica completa | Código de barras | Fecha visto por última vez | Número de copia | Precio válido a partir de | Tipo de ítem Koha |
|---|---|---|---|---|---|---|---|---|---|---|---|---|---|---|---|---|
| Dominicana de Servicio | General | General | Depósito | 02.02.2011 | LF1 | RD860.4409 P349e | 24666-30 | 25.06.2020 | e. 3 | 25.06.2020 | Libro y Folleto Colección Dominicana de Servicio | |||||
| Dominicana de Servicio | General | General | Depósito | 12.03.2014 | LF1 | RD860.4409 P349e | 24666-40 | 25.06.2020 | e. 4 | 25.06.2020 | Libro y Folleto Colección Dominicana de Servicio | |||||
| Dominicana de Servicio | General | General | Depósito | 10.08.2018 | LF1 | RD860.4409 P349e | 24666-50 | 25.06.2020 | e. 5 | 25.06.2020 | Libro y Folleto Colección Dominicana de Servicio | |||||
| Excluido de préstamo | Patrimonio Dominicano | Patrimonio Dominicano | Patrimonio Dominicano | Depósito | 02.02.2011 | LF1 | RD860.4409 P349e | 24666-10 | 25.06.2020 | 25.06.2020 | Libro y Folleto Colección Patrimonio Dominicano | |||||
| Excluido de préstamo | Patrimonio Dominicano | Patrimonio Dominicano | Patrimonio Dominicano | Depósito | 02.02.2011 | LF1 | RD860.4409 P349e | 24666-20 | 25.06.2020 | e. 2 | 25.06.2020 | Libro y Folleto Colección Patrimonio Dominicano |
